| 000 | 00711nam a22001817a 4500 | ||
|---|---|---|---|
| 003 | NUST | ||
| 040 | _a0 | ||
| 082 | _a621.382,ALI | ||
| 100 |
_aAli, Hammad _9118291 |
||
| 245 |
_aDesign Devlopment of Power Amplifier for X-band Satellite Application/ _cGC Hammad Ali, GC Nouman Mujahid, GC Abdullah Saqib and GC Muhammad Uzair. (TCC-31 / BETE-56) |
||
| 264 |
_aRawalpindi _bMCS (NUST) _c 2023 |
||
| 300 | _a59 p.; | ||
| 505 | _aIntroduction (Page-9), Literature Review (Page-13), Simulation Plan (Page-16), Conclusion (Page-51), References (Page-52). | ||
| 650 |
_a UG EE Project _9118090 |
||
| 690 |
_aTCC-31 / BETE-56 _9118237 |
||
| 700 |
_aSupervised by Dr. Shibli Nisar _9132579 |
||
| 942 |
_2ddc _cPR |
||
| 999 |
_c603266 _d603266 |
||